[Event "CRO-ch (Women) op"]
[Site "Durdevac"]
[Date "2020.09.04"]
[Round "5"]
[White "Smetisko, Marija"]
[Black "Purkic, Ruza"]
[Result "0-1"]
[WhiteElo "1924"]
[BlackElo "1474"]
[PlyCount "26"]
[EventDate "2020.09.01"]
[EventType "swiss"]
[EventRounds "9"]
[EventCountry "CRO"]
[SourceTitle "CBM 198 Extra"]
[Source "ChessBase"]
[SourceDate "2020.11.30"]
[SourceVersion "1"]
[SourceVersionDate "2020.11.30"]
[SourceQuality "1"]

1. e4 c5 2. Nf3 g6 3. d4 cxd4 4. Nxd4 Bg7 5. Bc4 Nc6 6. Nxc6 bxc6 7. Nc3 Qb6 8. 0-0 Qb4 9. Qd3 Nf6 10. e5 Ng4 11. Qe4 d5 12. exd6 Qxd6 13. Nb5 Qxh2# 0-1

[Event "CRO-chT (Women) 28th"]
[Site "Mali Losinj"]
[Date "2019.10.04"]
[Round "8.11"]
[White "Cvitan, Ena"]
[Black "Smetisko, Marija"]
[Result "0-1"]
[WhiteElo "2182"]
[BlackElo "1845"]
[PlyCount "100"]
[EventDate "2019.09.28"]
[EventType "team-tourn"]
[EventRounds "9"]
[EventCountry "CRO"]
[SourceTitle "EXT 2020"]
[Source "ChessBase"]
[SourceDate "2019.10.17"]
[SourceVersion "1"]
[SourceVersionDate "2019.10.17"]
[SourceQuality "1"]
[WhiteTeam "Rijeka Draga (W)"]
[BlackTeam "Zagreb Ericsson Tesla (W)"]
[WhiteTeamCountry "CRO"]
[BlackTeamCountry "CRO"]

1. d4 Nf6 2. c4 g6 3. Nf3 Bg7 4. Nc3 d5 5. h4 b6 6. h5 Bb7 7. h6 Bf8 8. Bf4 e6 9. e3 Bd6 10. cxd5 Nxd5 11. Bb5+ c6 12. Bxd6 Qxd6 13. Bd3 Nd7 14. 0-0 Nxc3 15. bxc3 Qf8 16. Ne5 Nxe5 17. dxe5 Qc5 18. Qe2 Qxe5 19. f4 Qxc3 20. Rac1 Qa3 21. Be4 Rc8 22. Qf3 Qa4 23. g4 f5 24. Bd3 Rc7 25. Bc4 c5 26. Qe2 a6 27. Qb2 Rf8 28. Qxb6 Qc6 29. Qxc6+ Rxc6 30. Rb1 Bc8 31. g5 Rf7 32. Rb8 Kd8 33. Rd1+ Rd7 34. Rxd7+ Kxd7 35. Kf2 Kc7 36. Rb2 Bb7 37. Ke2 Rd6 38. Ke1 Bd5 39. Bxd5 exd5 40. Ke2 Rb6 41. Rc2 c4 42. Kd2 Kd6 43. Kc3 Kc5 44. Rc1 a5 45. Rd1 a4 46. Rc1 a3 47. Rd1 Rb2 48. e4 fxe4 49. f5 gxf5 50. Rd2 Rb6 0-1

[Event "CRO-chT (Women) 27th"]
[Site "Biograd"]
[Date "2018.09.15"]
[Round "9.54"]
[White "Ivekovic, Zvjezdana"]
[Black "Smetisko, Marija"]
[Result "1/2-1/2"]
[WhiteElo "1703"]
[BlackElo "1900"]
[PlyCount "101"]
[EventDate "2018.09.08"]
[EventType "team-tourn"]
[EventRounds "9"]
[EventCountry "CRO"]
[SourceTitle "CBM 186 Extra"]
[Source "ChessBase"]
[SourceDate "2018.08.24"]
[SourceVersion "1"]
[SourceVersionDate "2018.08.24"]
[SourceQuality "1"]
[WhiteTeam "Djakovo Dama (W)"]
[BlackTeam "Busevec Polet (W)"]
[WhiteTeamCountry "CRO"]
[BlackTeamCountry "CRO"]

1. d4 Nf6 2. c4 g6 3. Nf3 Bg7 4. e3 0-0 5. Be2 d5 6. cxd5 Nxd5 7. e4 Nb6 8. 0-0 N8d7 9. Be3 c5 10. Nbd2 cxd4 11. Nxd4 Ne5 12. Rb1 Ng4 13. Bxg4 Bxd4 14. Bh6 Bg7 15. Bf4 Qd4 16. Be3 Qa4 17. a3 Rd8 18. Be2 Be6 19. f4 Bd4 20. Bf2 Qa5 21. Bxd4 Rxd4 22. Nb3 Rxd1 23. Nxa5 Rd2 24. Rf2 Ba2 25. Rc1 Rxb2 26. Nxb7 Rb1 27. Rxb1 Bxb1 28. Bf3 Rc8 29. Rb2 Bc2 30. Na5 Ba4 31. e5 Rc3 32. Ra2 Nc4 33. Bc6 Bxc6 34. Nxc6 Nxa3 35. Nxe7+ Kf8 36. Nd5 Rb3 37. Nf6 Kg7 38. Ne8+ Kf8 39. Nd6 Rc3 40. Ne4 Rb3 41. Ng5 h6 42. Ne4 Ke7 43. Nd6 Rc3 44. Kf2 a5 45. Ne4 Rb3 46. Nc5 Rc3 47. Ne4 Rb3 48. Nd2 Rc3 49. Ne4 Rb3 50. Nd2 Rc3 51. Ne4 1/2-1/2

[Event "CRO-ch (Women)"]
[Site "Zagreb"]
[Date "2018.05.23"]
[Round "1"]
[White "Smetisko, Marija"]
[Black "Purkic, Ruza"]
[Result "1-0"]
[WhiteElo "1889"]
[BlackElo "1434"]
[PlyCount "59"]
[EventDate "2018.05.23"]
[EventType "swiss"]
[EventRounds "9"]
[EventCountry "CRO"]
[SourceTitle "CBM 184 Extra"]
[Source "ChessBase"]
[SourceDate "2018.06.28"]
[SourceVersion "1"]
[SourceVersionDate "2018.06.28"]
[SourceQuality "1"]

1. e4 c5 2. Nf3 g6 3. d4 cxd4 4. Qxd4 Nf6 5. e5 Nc6 6. Qc4 d5 7. exd6 Qxd6 8. Nc3 Be6 9. Qa4 Bg7 10. Bf4 Qb4 11. Bb5 Qxb2 12. Bxc6+ Kf8 13. 0-0 bxc6 14. Be5 Qb7 15. Rab1 Qc8 16. Rfd1 Nd5 17. Qd4 Bxe5 18. Nxe5 Nxc3 19. Nxg6+ fxg6 20. Qxh8+ Kf7 21. Qxc3 Bxa2 22. Rb4 Bd5 23. Qe5 a5 24. Rf4+ Kg8 25. Qxe7 Qb8 26. Rh4 Ra7 27. Qc5 Qb7 28. c4 Bf7 29. Rd8+ Kg7 30. Qd4# 1-0

[Event "CRO-chT U16 Girls"]
[Site "Nasice"]
[Date "2017.12.28"]
[Round "2"]
[White "Smetisko, Marija"]
[Black "Radikovic, Anamarija"]
[Result "1/2-1/2"]
[WhiteElo "1891"]
[BlackElo "1805"]
[PlyCount "62"]
[EventDate "2017.12.27"]
[EventType "team-tourn"]
[EventRounds "5"]
[EventCountry "CRO"]
[SourceTitle "EXT 2019"]
[Source "ChessBase"]
[SourceDate "2018.10.10"]
[SourceVersion "1"]
[SourceVersionDate "2018.10.10"]
[SourceQuality "1"]

1. e4 d5 2. exd5 Nf6 3. Nc3 Nxd5 4. Bc4 Nb6 5. Bb3 c5 6. d3 Nc6 7. Nf3 e6 8. Bf4 Nd5 9. Bd2 Be7 10. a3 a6 11. Qe2 0-0 12. 0-0 b5 13. Qe4 f5 14. Qe2 Rf6 15. Rfe1 Nc7 16. Bf4 Rg6 17. Rad1 Bd6 18. Qe3 Bb7 19. Bg3 Kh8 20. Ne2 e5 21. Bh4 Be7 22. Bf7 Rh6 23. Bxe7 Qxe7 24. Ba2 Rg6 25. Kf1 Re8 26. Neg1 h6 27. c3 Ba8 28. Bb3 Na5 29. Ba2 Nc6 30. Bb3 Na5 31. Ba2 Nc6 1/2-1/2

[Event "CRO-chT (Women) 26th"]
[Site "Mali Losinj"]
[Date "2017.09.28"]
[Round "1.44"]
[White "Lijic, Kristina"]
[Black "Smetisko, Marija"]
[Result "0-1"]
[WhiteElo "1717"]
[BlackElo "1795"]
[PlyCount "94"]
[EventDate "2017.09.28"]
[EventType "team-tourn"]
[EventRounds "9"]
[EventCountry "CRO"]
[SourceTitle "EXT 2018"]
[Source "ChessBase"]
[SourceDate "2017.10.13"]
[SourceVersion "1"]
[SourceVersionDate "2017.10.13"]
[SourceQuality "1"]
[WhiteTeam "Djakovo (W)"]
[BlackTeam "Busevec Polet (W)"]
[WhiteTeamCountry "CRO"]
[BlackTeamCountry "CRO"]

1. c4 e5 2. Nc3 Nf6 3. g3 d5 4. cxd5 Nxd5 5. Bg2 Nb6 6. Nf3 Nc6 7. a3 Be6 8. d3 f6 9. Be3 Ne7 10. Bxb6 axb6 11. 0-0 c6 12. Qc2 Nf5 13. Rfd1 Bc5 14. Ne4 Be7 15. b4 b5 16. e3 0-0 17. d4 exd4 18. Nxd4 Nxd4 19. Rxd4 Qc7 20. Nc3 Qc8 21. Ne4 Qb8 22. Nc5 Bxc5 23. Qxc5 Qc7 24. Bf1 Rfc8 25. Re4 Qf7 26. Qd6 Re8 27. Qc5 Bd5 28. Rd4 Re5 29. Qc2 Rae8 30. Rad1 Bb3 31. Qd2 Bxd1 32. Qxd1 Re4 33. Rd7 R4e7 34. Rd4 Ra8 35. Qd3 Qg6 36. Qb3+ Kf8 37. Bd3 Qf7 38. Qc2 g6 39. Rh4 Kg7 40. Rd4 Rxa3 41. Qe2 Ra2 42. Qg4 Qe6 43. Qf4 Qh3 44. Bb1 Rb2 45. Rd1 Qe6 46. Qd4 Qb3 47. Be4 Rxe4 0-1

[Event "Valpovo op (Women) 19th"]
[Site "Valpovo"]
[Date "2016.12.10"]
[Round "3"]
[White "Medic, Mirjana"]
[Black "Smetisko, Marija"]
[Result "0-1"]
[WhiteElo "2147"]
[BlackElo "1891"]
[PlyCount "97"]
[EventDate "2016.12.09"]
[EventType "swiss (rapid)"]
[EventRounds "7"]
[EventCountry "CRO"]
[SourceTitle "EXT 2019"]
[Source "ChessBase"]
[SourceDate "2018.10.10"]
[SourceVersion "1"]
[SourceVersionDate "2018.10.10"]
[SourceQuality "1"]

1. d4 Nf6 2. Nf3 g6 3. c4 Bg7 4. g3 0-0 5. Bg2 d5 6. cxd5 Qxd5 7. Nc3 Qh5 8. h3 c6 9. Ne5 Qf5 10. 0-0 Nbd7 11. e4 Qe6 12. Nd3 Ne8 13. Be3 Nc7 14. Rc1 f5 15. Nf4 Qf7 16. exf5 Qxf5 17. d5 Ne5 18. dxc6 Nxc6 19. Qb3+ Kh8 20. Rfd1 e5 21. Be4 Qf6 22. Nfd5 Nxd5 23. Nxd5 Qf7 24. Bg2 Be6 25. Qa4 Rad8 26. Nc3 Nd4 27. Kh1 a6 28. Qa5 Qf5 29. Qb6 Bc8 30. Ne4 Qh5 31. Rxc8 Qxd1+ 32. Kh2 Rxc8 33. Ng5 Ne2 34. h4 Qd7 35. Bh3 Qc7 36. Qb3 Qc4 37. Qxb7 Rb8 38. Qa7 Rxb2 39. Be6 Qc6 40. Nf7+ Rxf7 41. Qxf7 Rb8 42. Bd5 Qe8 43. Qa7 Rd8 44. Bf3 Nd4 45. Be4 Qa4 46. h5 Nf5 47. Bg5 Rf8 48. Bg2 Qg4 49. f4 0-1